О вычислении параметров процессов на Марковских цепях на основе аппроксимации плотностей вероятностей перехода экспоненциальными функциями (Запись № 13538059)

Подробности
000 -МАРКЕР
контрольное поле 01920nam0a2200373 4500
001 - ИДЕНТИФИКАТОР ЗАПИСИ
контрольное поле RU\NLR\BIBL_A\022262030
005 - ИДЕНТИФИКАТОР ВЕРСИИ
контрольное поле 20240916160542.0
010 ## - МЕЖДУНАРОДНЫЙ СТАНДАРТНЫЙ НОМЕР КНИГИ (ISBN)
Номер (ISBN) 978-5-00217-286-3
Тираж 999
021 ## - НОМЕР ГОСУДАРСТВЕННОЙ РЕГИСТРАЦИИ
Код страны российская федерация
Номер КН-П-24-028873
Номер Листа государственной регистраци КН-П-24-2944
035 ## - ДРУГИЕ СИСТЕМНЫЕ НОМЕРА
Идентификатор записи (NLR Aleph) 022262030
100 ## - ДАННЫЕ ОБЩЕЙ ОБРАБОТКИ
Данные общей обработки 20240626d2024 k y0rusy50 ca
101 0# - ЯЗЫК РЕСУРСА
Язык текста, звукозаписи и т.д. английский
-- русский
102 ## - СТРАНА ПУБЛИКАЦИИ ИЛИ ПРОИЗВОДСТВА
Страна публикации российская федерация
105 ## - ПОЛЕ КОДИРОВАННЫХ ДАННЫХ: ТЕКСТОВЫЕ МАТЕРИАЛЫ, МОНОГРАФИЧЕСКИЕ
Кодированные данные о монографическом текстовом документе a|||z|||000yy
181 #0 - ПОЛЕ КОДИРОВАННЫХ ДАННЫХ: ВИД СОДЕРЖАНИЯ
Код вида содержания (ISBD) i3
Код характеристики содержания (ISBD) axxe
182 #0 - ПОЛЕ КОДИРОВАННЫХ ДАННЫХ: ТИП СРЕДСТВА
Код типа средства (ISBD) n - непосредственное
200 1# - ЗАГЛАВИЕ И СВЕДЕНИЯ ОБ ОТВЕТСТВЕННОСТИ
Основное заглавие О вычислении параметров процессов на Марковских цепях на основе аппроксимации плотностей вероятностей перехода экспоненциальными функциями
Параллельное заглавие Process parameters calculation in Markov chains based on approximation of the transition probability densities by exponential functions
Первые сведения об ответственности Александр Мартынюк
Язык параллельного заглавия английский
203 ## - ВИД СОДЕРЖАНИЯ И ТИП СРЕДСТВА
Вид содержания Текст
Дополнительные сведения об издании визуальный
Тип средства непосредственный
210 ## - ПУБЛИКАЦИЯ, РАСПРОСТРАНЕНИЕ И ДР.
Место издания, распространения и т.д. Москва
Имя издателя, распространителя и т. д. Эдитус
Дата издания, распространения и т.д. 2024
215 ## - ФИЗИЧЕСКАЯ ХАРАКТЕРИСТИКА
Специфическое обозначение материала и объем 228 с.
Другие сведения о физической характеристике ил., табл.
Размеры 21
300 ## - ОБЩИЕ ПРИМЕЧАНИЯ
Текст примечания Авт. также на англ. яз.: Alexander Martyniuk
300 ## - ОБЩИЕ ПРИМЕЧАНИЯ
Текст примечания Текст англ., рус.
320 ## - ПРИМЕЧАНИЯ О НАЛИЧИИ В ДОКУМЕНТЕ БИБЛИОГРАФИИ / УКАЗАТЕЛЯ
Текст примечания Библиогр.: с. 82 (1 назв.)
333 ## - ПРИМЕЧАНИЯ ОБ ОСОБЕННОСТЯХ РАСПРОСТРАНЕНИЯ И ИСПОЛЬЗОВАНИЯ
Текст примечания 16+
510 1# - ПАРАЛЛЕЛЬНОЕ ЗАГЛАВИЕ
Связь между полями z92790
Параллельное заглавие Process parameters calculation in Markov chains based on approximation of the transition probability densities by exponential functions
Язык заглавия английский
606 1# - НАИМЕНОВАНИЕ ТЕМЫ КАК ПРЕДМЕТ
Наименование темы Марковские процессы (теор. вероятн.)
Тематический подзаголовок Расчёт
-- Итерационные методы
Код системы nlr_sh2
Идентификатор авторитетной/нормативной записи RU\NLR\AUTH\6601744612
686 1# - ИНДЕКСЫ ДРУГИХ КЛАССИФИКАЦИЙ
Индекс В192.147
700 #1 - ИМЯ ЛИЦА - ПЕРВИЧНАЯ ОТВЕТСТВЕННОСТЬ
Начальный элемент ввода Мартынюк
Часть имени, кроме начального элемента ввода А. М.
Расширение инициалов личного имени Александр Михайлович
790 #1 - ИМЯ ЛИЦА - АЛЬТЕРНАТИВНАЯ ФОРМА
Связь между полями z92510
Начальный элемент ввода Martynjuk
Часть имени, кроме начального элемента ввода A. M.
Расширение инициалов личного имени Aleksandr Michajlovič
942 ## - ДОПОЛНИТЕЛЬНЫЕ ЭЛЕМЕНТЫ ЗАПИСИ (АБИС)
Тип экземпляра АБИС Книга
980 ## - КОЛЛЕКЦИЯ
Название коллекции Национальная библиография

Нет доступных экземпляров.